000 00453nam a2200181Ia 4500
003 LK-CoDNM
008 010623t xxu||||| |||| 00| 1 sin d
040 _aLK-CoDNM
_dLK-CoDNM
_eLK-CoDNM
041 _asin
080 _a82.09
_bVIT
100 _aVitanage, Sirisena
245 _aසංදේශ විවරණය
246 _aSandesha viwaranaya
260 _bAuthor
_aBattaramulla
300 _b176, 21.5 cm
650 _aLiterature
942 _cBK
999 _c141429
_d141429